000 00578nam a22001697a 4500
005 20251108173002.0
008 250721s1997 xx 000 0 ara d
082 1 4 _aم/314.4/ملي
100 1 _aالمليباري، حمزه عبد الله
245 1 0 _aعبقريه الامام مسلم في ترتيب احاديث مسنده الصحيح /
264 1 _aبيروت :
_bدار ابن حزم للطباعة و النشر و التوزيع،
_c1997.
300 _a216ص
650 1 7 _aصحيح مسلم
650 1 7 _aالحديث
942 _2ddc
_cREF
999 _c93407
_d93407